Little sister Su : a Chinese folk tale /

Bibliographic Details
Main Author: Chiang, May-ling Soong, 1897-2003
Format: Book
Language:English
Published: New York : John Day company, [1942]
Subjects:

MARC

Tag First Indicator Second Indicator Subfields
LEADER 00000cam a22000001a 4500
001 in00000074656
005 20151008053618.0
008 790510s1942 nyua 00010 engm
010 |a  42022822  
035 |a (OCoLC)02371186 
035 |9 AAH8019AM 
040 |a DLC  |c DLC  |d TXA  |d UtOrBLW 
043 |a a-cc--- 
049 |a TXAM  |c [386985] 
050 0 0 |a GR335  |b .C514 
090 |a GR335  |b .C514 1942 
100 1 |a Chiang, May-ling Soong,  |d 1897-2003. 
245 1 0 |a Little sister Su :  |b a Chinese folk tale /  |c May-ling Soong Chiang (Mme. Chiang Kai-Shek). 
264 1 |a New York :  |b John Day company,  |c [1942] 
264 4 |c ©1942 
300 |a 19 unnumbered pages :  |b illustrations ;  |c 32 x 14 cm. 
336 |a text  |b txt  |2 rdacontent 
337 |a unmediated  |b n  |2 rdamedia 
338 |a volume  |b nc  |2 rdacarrier 
500 |a Text on continuous strip folded to form 19 pages. 
500 |a Cover title. 
500 |a The Cushing Library Rare copy is from the library of Dr. R. G. Breene, Jr., March 2004. 
650 0 |a Tales  |z China. 
999 |a MARS 
999 f f |s 7f8a916b-3180-318e-99df-1ef5d1e2fcaf  |i 3bacd98c-2d84-3a1e-9ce3-7335eeb664a2  |t 0 
952 f f |p noncirc  |a Texas A&M University  |b College Station  |c Cushing Memorial Library & Archives  |d Cushing: Rare Books (Does not check out)  |t 0  |e GR335 .C514 1942  |f Oversize  |h Library of Congress classification  |i unmediated -- volume 
952 f f |p ric  |a Texas A&M University  |b Rellis Campus  |c Joint Library Facility  |d Remote Storage  |t 0  |e GR335 .C514  |h Library of Congress classification  |i unmediated -- volume  |m A14806114969 
998 f f |a GR335 .C514  |t 0  |l Remote Storage 
998 f f |a GR335 .C514 1942  |t 0  |l Cushing: Rare Books (Does not check out)